The law of retirement (compulsory/voluntary) and resignation / (Record no. 126007)

MARC details
000 -LEADER
fixed length control field 00757nam a22002417a 4500
005 - DATE AND TIME OF LATEST TRANSACTION
control field 20170124110003.0
010 ## - LIBRARY OF CONGRESS CONTROL NUMBER
LC control number A-459239
020 ## - INTERNATIONAL STANDARD BOOK NUMBER
Terms of availability 00.00
035 ## - SYSTEM CONTROL NUMBER
System control number A-459239
037 ## - SOURCE OF ACQUISITION
Source of stock number/acquisition Cen Lib/Ret
040 ## - CATALOGING SOURCE
Original cataloging agency DPL
Language of cataloging EN
082 ## - DEWEY DECIMAL CLASSIFICATION NUMBER
Classification number 342.0686
Item number ARO
100 ## - MAIN ENTRY--PERSONAL NAME
Personal name Arora, H. C.
9 (RLIN) 16287
245 ## - TITLE STATEMENT
Title The law of retirement (compulsory/voluntary) and resignation /
Statement of responsibility, etc by H. C. Arora [and] Sanjiv Malhotra
260 ## - PUBLICATION, DISTRIBUTION, ETC. (IMPRINT)
Place of publication, distribution, etc Delhi
Name of publisher, distributor, etc Bahri Brothers
Date of publication, distribution, etc 1991
270 ## - ADDRESS
City Delhi
Address 742, Lajpat Rai Market, P. O. Boax 2032
Postal code 110006
300 ## - PHYSICAL DESCRIPTION
Extent vi,286p.
Dimensions 22cm(Hb)
500 ## - GENERAL NOTE
General note Includes index<br/>
650 ## - SUBJECT ADDED ENTRY--TOPICAL TERM
Topical term or geographic name as entry element Laws
9 (RLIN) 16288
650 ## - SUBJECT ADDED ENTRY--TOPICAL TERM
Topical term or geographic name as entry element Retierment and Resignation
9 (RLIN) 16289
700 ## - ADDED ENTRY--PERSONAL NAME
Personal name Malhotra, Sanjiv
9 (RLIN) 16290
942 ## - ADDED ENTRY ELEMENTS (KOHA)
Source of classification or shelving scheme Dewey Decimal Classification
Koha item type English Books
Classification part 342.0686
Call number suffix ARO
Holdings
Withdrawn status Lost status Damaged status Not for loan Home library Current library Date acquired Source of acquisition Cost, normal purchase price Total Checkouts Full call number Barcode Date last seen Copy number Cost, replacement price Price effective from Koha item type Public note
Written off       Central Library Central Library 24/06/2015 Cen Lib/Ret 0.00   342.0686 ARO A-459239 24/06/2015 1 0.00 24/06/2015 English Books Written off on approval by DLB (By Circulation); dtd 15-06-2023

© Delhi Public Library
Hit Counter
free hit counter